[Event "Rubinstein Memorial 52nd"]
[Site "Polanica Zdroj"]
[Date "2016.08.28"]
[Round "9"]
[White "Kiedowski, Artur"]
[Black "Jankowiak, Tomasz"]
[Result "1/2-1/2"]
[WhiteElo "1709"]
[BlackElo "1815"]
[PlyCount "70"]
[EventDate "2016.08.20"]
[EventType "swiss"]
[EventRounds "10"]
[EventCountry "POL"]
[SourceTitle "CBM 174 Extra"]
[Source "ChessBase"]
[SourceDate "2016.10.10"]
[SourceVersion "1"]
[SourceVersionDate "2016.10.10"]
[SourceQuality "1"]

1. d4 d5 2. c4 e6 3. Nf3 Nf6 4. Nc3 c6 5. Bf4 Nbd7 6. e3 Be7 7. Bd3 Nh5 8. Bg3 a6 9. a3 b5 10. c5 Nxg3 11. hxg3 g6 12. Qc2 e5 13. Nxe5 Nxe5 14. dxe5 Qc7 15. f4 Bxc5 16. b4 Bb6 17. Rc1 Qb8 18. e4 d4 19. Ne2 Bb7 20. Qb2 Qd8 21. f5 Qe7 22. e6 fxe6 23. 0-0 e5 24. g4 0-0-0 25. f6 Qe6 26. g5 h6 27. gxh6 Rxh6 28. Qd2 Rdh8 29. Ng3 g5 30. f7 Rf8 31. Qxg5 Rg6 32. Qf5 Qxf5 33. Nxf5 Kd7 34. Kf2 Rxf7 35. Rh1 Rgg7 1/2-1/2

[Event "Rubinstein Memorial 52nd"]
[Site "Polanica Zdroj"]
[Date "2016.08.27"]
[Round "8"]
[White "Pyka, Roman"]
[Black "Kiedowski, Artur"]
[Result "1/2-1/2"]
[WhiteElo "2065"]
[BlackElo "1709"]
[PlyCount "85"]
[EventDate "2016.08.20"]
[EventType "swiss"]
[EventRounds "10"]
[EventCountry "POL"]
[SourceTitle "CBM 174 Extra"]
[Source "ChessBase"]
[SourceDate "2016.10.10"]
[SourceVersion "1"]
[SourceVersionDate "2016.10.10"]
[SourceQuality "1"]

1. Nf3 Nf6 2. d4 g6 3. c4 Bg7 4. Nc3 0-0 5. g3 d6 6. Bg2 Nbd7 7. 0-0 c6 8. e4 e5 9. h3 a6 10. Be3 Re8 11. Re1 Qc7 12. Rc1 b6 13. b4 Bb7 14. dxe5 dxe5 15. Qc2 Bf8 16. a3 a5 17. Qb3 axb4 18. axb4 Qd8 19. Nd2 Qe7 20. Rb1 Ra7 21. Na4 Rea8 22. Nc3 Ra3 23. Qc2 h5 24. b5 c5 25. Bg5 Qd6 26. Nb3 Qe6 27. Bf1 Kh7 28. Bc1 R3a7 29. Nd2 Ne8 30. Nf3 f6 31. Kh2 Bg7 32. Bb2 Bh6 33. h4 Nd6 34. Rbd1 Nf8 35. Qd3 Nf7 36. Bh3 Qe8 37. Nd5 Bxd5 38. exd5 Ra2 39. Qb3 Nd6 40. Ra1 Rxa1 41. Bxa1 Qf7 42. Bc3 e4 43. Ng1 1/2-1/2